[Event "Open A"]
[Site "Moscow RUS"]
[Date "2010.01.31"]
[Round "2"]
[White "Iordachescu,V"]
[Black "Krivoborodov,E"]
[Result "1-0"]
[WhiteElo "2629"]
[BlackElo "2471"]
[EventDate "2010.01.30"]

1. e4 c6 2. d4 d5 3. e5 Bf5 4. Nf3 e6 5. Be2 c5 6. Be3 cxd4 7. Nxd4 Ne7 8.
Nd2 Nbc6 9. N2f3 Be4 10. O-O Ng6 11. Bb5 Qc7 12. Ng5 Ngxe5 13. f4 Nd7 14.
Nxe4 dxe4 15. f5 e5 16. Bxc6 bxc6 17. Ne6 fxe6 18. Qh5+ g6 19. fxg6 O-O-O
20. Rf7 Qa5 21. g7 Bc5 22. gxh8=Q Bxe3+ 23. Kh1 Rxh8 24. Rd1 Rd8 25. b4 Qb6
26. Qg4 Nf8 27. Rxf8 Rxf8 28. Qxe6+ Kb7 29. Qe7+ Qc7 30. Qxf8 Bd4 31. Re1
e3 32. c3 Bb6 33. Qf5 Qe7 34. Qe4 Kc7 35. a4 a6 36. Qc4 Kb7 37. a5 Ba7 38.
Rf1 Qd6 39. Qf7+ Ka8 40. Qf8+ Qxf8 41. Rxf8+ Kb7 42. Rf7+ Kc8 43. Rf1 Kd7
44. g4 c5 45. bxc5 Kc6 46. Kg2 Bxc5 47. Kf3 Kb5 48. Ke2 Kxa5 49. Rb1 e4 50.
Rb7 h6 51. h4 Bd6 52. g5 hxg5 53. hxg5 Be5 54. c4 Ka4 55. g6 1-0

[Event "Open A"]
[Site "Moscow RUS"]
[Date "2010.01.31"]
[Round "2"]
[White "Azarov,S"]
[Black "Gladyszev,O"]
[Result "1-0"]
[WhiteElo "2622"]
[BlackElo "2469"]
[EventDate "2010.01.30"]

1. e4 c5 2. Nf3 Nc6 3. d4 cxd4 4. Nxd4 Nf6 5. Nc3 e5 6. Ndb5 d6 7. Bg5 a6
8. Na3 b5 9. Bxf6 gxf6 10. Nd5 f5 11. c3 Bg7 12. exf5 Bxf5 13. Nc2 Be6 14.
a4 O-O 15. axb5 axb5 16. Rxa8 Qxa8 17. Nce3 Nd4 18. Ne7+ Kh8 19. cxd4 exd4
20. N3f5 Bxf5 21. Nxf5 Qe4+ 22. Be2 Qxf5 23. O-O d3 24. Bxd3 Qd5 25. b4 Bc3
26. Qc2 Qd4 27. Bxh7 Bxb4 28. Bd3 Rg8 29. g3 Rg5 30. Qe2 Bc3 31. Qe7 Qf6
32. Qxf6+ Bxf6 33. Rb1 Rd5 34. Bxb5 Rd2 35. Rb3 Bd4 36. Rf3 Kg7 37. Kg2 f6
38. h4 Rb2 39. Ba4 Ra2 40. Bb3 Rb2 41. Be6 Re2 42. Rf4 Bc5 43. Bc4 Rd2 44.
Rf5 Kg6 45. g4 Bd4 46. Kg3 Rc2 47. Bd5 Rc3+ 48. Kg2 Rc5 49. f4 Kg7 50. h5
Rc2+ 51. Kf3 Rh2 52. Ke4 Bc5 53. Be6 Rh3 54. Rd5 Kf8 55. Rd1 Ke7 56. Kf5
Re3 57. Rb1 Bd4 58. Rb7+ 1-0

[Event "Open A"]
[Site "Moscow RUS"]
[Date "2010.01.31"]
[Round "2"]
[White "Hou Yifan"]
[Black "Reutsky,S"]
[Result "1-0"]
[WhiteElo "2590"]
[BlackElo "2401"]
[EventDate "2010.01.30"]

1. e4 e6 2. d4 d5 3. Nc3 Bb4 4. a3 Bxc3+ 5. bxc3 dxe4 6. Qg4 Nf6 7. Qxg7
Rg8 8. Qh6 Rg6 9. Qd2 Nc6 10. Ne2 Ne7 11. g3 Qd5 12. Rg1 e5 13. c4 Qd6 14.
c5 Qd5 15. Bb2 Ng4 16. Bg2 Nxh2 17. O-O-O Nf3 18. Bxf3 exf3 19. Nc3 Qc4 20.
Qe3 Qe6 21. d5 Qf5 22. Nb5 Qd7 23. c6 bxc6 24. dxc6 Qxc6 25. Qxe5 f6 26.
Qxc7 Kf7 27. Nd6+ 1-0

[Event "Open A"]
[Site "Moscow RUS"]
[Date "2010.01.31"]
[Round "2"]
[White "Korobkov,P"]
[Black "Matlakov,M"]
[Result "0-1"]
[WhiteElo "2482"]
[BlackElo "2587"]
[EventDate "2010.01.30"]

1. f4 d5 2. Nf3 Bg4 3. e3 Nf6 4. h3 Bxf3 5. Qxf3 Nbd7 6. c4 e5 7. cxd5 e4
8. Qd1 Nxd5 9. g3 Nc5 10. a3 a5 11. Qc2 Qf6 12. Nc3 Nxc3 13. Qxc3 Qg6 14.
Kf2 Be7 15. b4 Bf6 16. Qxc5 Bxa1 17. bxa5 Qd6 18. Qb5+ c6 19. Qb1 Bf6 20.
a6 bxa6 21. Qxe4+ Qe6 22. Qxe6+ fxe6 23. d4 Kd7 24. Bd2 Rhb8 25. Bd3 Rb2
26. Ke2 Be7 27. Ra1 h6 28. f5 c5 29. fxe6+ Kxe6 30. Bc4+ Kd7 31. Kd3 cxd4
32. exd4 Rf8 33. Bf4 Bd6 34. Bxa6 Bxf4 35. gxf4 Rxf4 36. a4 Rb4 37. a5
Rbxd4+ 38. Kc3 Rd5 39. Bb7 Rc5+ 40. Kd3 Rff5 41. a6 Ra5 42. Rd1 Ke7 43. Kc4
g5 44. Re1+ Kf7 45. Kb4 Rfb5+ 46. Kc4 Rb6 47. Rd1 Kg6 48. h4 gxh4 49. Rh1
Kg5 50. Bc8 Raxa6 51. Bxa6 Rxa6 52. Kd3 Re6 53. Kd2 Kg4 54. Re1 Rf6 55.
Re4+ Kg3 56. Re5 h3 0-1

[Event "Open A"]
[Site "Moscow RUS"]
[Date "2010.02.01"]
[Round "3"]
[White "Zhigalko,S"]
[Black "Hou Yifan"]
[Result "1/2-1/2"]
[WhiteElo "2668"]
[BlackElo "2590"]
[EventDate "2010.01.30"]

1. e4 e6 2. d4 d5 3. e5 c5 4. c3 Nc6 5. Nf3 Qb6 6. a3 Nh6 7. b4 cxd4 8.
cxd4 Nf5 9. Be3 f6 10. exf6 gxf6 11. Bd3 Nxe3 12. fxe3 Bh6 13. Qe2 O-O 14.
Nc3 Ne7 15. O-O Bd7 16. Rae1 Rac8 17. Nd1 Ng6 18. Nh4 f5 19. Qh5 Kg7 20.
Rf3 Qd8 21. Rg3 Rf6 22. Nf3 Qf8 23. Rh3 Ne7 24. g4 Be8 25. Qh4 fxg4 26.
Qxg4+ Kh8 27. Ne5 Nf5 28. Kh1 Rc7 29. Qe2 Rg7 30. Ng4 Rfg6 31. Ndf2 Rg8 32.
Nxh6 Rxh6 33. Bxf5 Rxh3 34. Bxh3 Bb5 35. Qh5 Qxf2 36. Qe5+ Rg7 37. Qb8+ Rg8
38. Qe5+ Rg7 39. Qb8+ 1/2-1/2

[Event "Open A"]
[Site "Moscow RUS"]
[Date "2010.02.01"]
[Round "3"]
[White "Inarkiev,E"]
[Black "Iljushin,A"]
[Result "1/2-1/2"]
[WhiteElo "2649"]
[BlackElo "2551"]
[EventDate "2010.01.30"]

1. d4 e6 2. c4 f5 3. g3 Nf6 4. Bg2 c6 5. Nh3 d6 6. Nc3 Be7 7. e4 e5 8. dxe5
dxe5 9. Qxd8+ Bxd8 10. O-O O-O 11. b3 Bb6 12. Ba3 Re8 13. c5 Bc7 14. exf5
Bxf5 15. Ng5 a5 16. Rad1 Na6 17. Nge4 Rad8 18. Nd6 Bxd6 19. Rxd6 Rxd6 20.
cxd6 Nb4 21. h3 h5 22. Rd1 Kf7 23. Bf1 Rd8 24. Bb2 e4 25. f3 exf3 26. Kf2
Nbd5 27. Nxd5 Nxd5 28. Be5 g5 29. g4 hxg4 30. hxg4 Bxg4 31. Rd4 Ke6 32. Bg3
Nf4 33. Bxf4 gxf4 34. Rxf4 Bf5 35. d7 Ke5 36. Kxf3 Bxd7 37. Re4+ Kd6 38.
Ke3 c5 39. Rh4 Kc7 40. Rh7 Kb6 41. Bg2 Bc6 42. Rh6 Kb5 43. Bxc6+ bxc6 44.
a4+ Kb4 45. Rxc6 Kxb3 46. Rxc5 Kxa4 47. Rc7 Kb3 48. Rb7+ Kc3 49. Rc7+ Kb4
50. Rb7+ Ka3 51. Rb5 a4 52. Rb7 Ka2 53. Ke2 a3 54. Rb6 Ka1 55. Rb7 a2 56.
Rb6 Rh8 57. Kd2 Rh1 58. Kc2 Rh2+ 1/2-1/2

[Event "Open A"]
[Site "Moscow RUS"]
[Date "2010.02.01"]
[Round "3"]
[White "Yandemirov,V"]
[Black "Andreikin,D"]
[Result "1/2-1/2"]
[WhiteElo "2461"]
[BlackElo "2635"]
[EventDate "2010.01.30"]

1. e4 c5 2. Nf3 e6 3. c4 Nc6 4. Nc3 Nf6 5. Be2 d5 6. exd5 exd5 7. d4 Be6 8.
Be3 dxc4 9. O-O Rc8 10. dxc5 Qxd1 11. Rfxd1 Nb4 12. Nd4 Bxc5 13. Nxe6 fxe6
14. Bxc5 Rxc5 15. Rac1 b5 16. a4 a6 17. axb5 axb5 18. Rd6 Kf7 19. Rb6 Nd3
20. Bxd3 cxd3 21. Rd1 Rd8 22. Rxb5 Rxb5 23. Nxb5 e5 24. f3 e4 25. fxe4 Nxe4
26. Nc3 Nxc3 27. bxc3 d2 1/2-1/2

[Event "Open A"]
[Site "Moscow RUS"]
[Date "2010.02.01"]
[Round "3"]
[White "Goganov,A"]
[Black "Iordachescu,V"]
[Result "1/2-1/2"]
[WhiteElo "2448"]
[BlackElo "2629"]
[EventDate "2010.01.30"]

1. d4 Nf6 2. c4 e6 3. Nf3 b6 4. g3 Ba6 5. Qc2 Bb4+ 6. Bd2 Bxd2+ 7. Nbxd2 c5
8. Bg2 Nc6 9. dxc5 bxc5 10. O-O O-O 11. Rfd1 Qc7 12. Ne4 Nxe4 13. Qxe4 h6
14. b3 Rad8 15. Rd2 Ne7 16. Ne5 d5 17. Qf4 1/2-1/2

[Event "Open A"]
[Site "Moscow RUS"]
[Date "2010.02.01"]
[Round "3"]
[White "Bologan,V"]
[Black "Krylov,M RUS"]
[Result "1-0"]
[WhiteElo "2692"]
[BlackElo "2511"]
[EventDate "2010.01.30"]

1. e4 e5 2. Nf3 Nc6 3. Bb5 a6 4. Ba4 Nf6 5. O-O Be7 6. Re1 b5 7. Bb3 O-O 8.
h3 d6 9. c3 Re8 10. d4 Bb7 11. Nbd2 Bf8 12. a3 h6 13. Bc2 Nb8 14. a4 Nbd7
15. Bd3 c6 16. Qc2 Qb8 17. b3 g6 18. Bb2 Bg7 19. Rad1 Nh5 20. Bf1 Qc7 21.
c4 bxa4 22. c5 exd4 23. cxd6 Qxd6 24. e5 Nxe5 25. Rxe5 Rxe5 26. Nc4 Rc5 27.
b4 Rxc4 28. Bxc4 a5 29. Bxd4 Rd8 30. Rd3 Nf4 31. Be5 Qxd3 32. Bxd3 Nxd3 33.
Bxg7 Kxg7 34. bxa5 c5 35. Qxa4 Bxf3 36. gxf3 Nb4 37. a6 Nxa6 38. Qxa6 Rd5
39. Qc4 Rf5 40. f4 Rh5 41. Kg2 Rf5 42. Kf1 Rh5 43. Qd3 Rf5 44. Qe3 Kg8 45.
Qe4 Rh5 46. Ke2 Kg7 47. Qd3 Rf5 48. Ke3 Rh5 49. Kd2 Rf5 50. Qe3 Rh5 51. Kc3
c4 52. Kxc4 Rf5 53. Qe4 Rh5 54. h4 Kg8 55. Qd3 Kg7 56. Qd4+ Kg8 57. Qf6 Kf8
58. Kd4 Kg8 59. Ke4 Rb5 60. f5 Rxf5 61. Qxf5 gxf5+ 62. Kxf5 Kg7 63. h5 Kg8
64. Kf6 Kf8 65. f4 Kg8 66. Ke7 f5 67. Kf6 Kf8 68. Kg6 Ke7 69. Kxh6 1-0

[Event "Open A"]
[Site "Moscow RUS"]
[Date "2010.02.01"]
[Round "3"]
[White "Kabanov,N"]
[Black "Kurnosov,I"]
[Result "0-1"]
[WhiteElo "2510"]
[BlackElo "2668"]
[EventDate "2010.01.30"]

1. e4 e5 2. Nf3 Nc6 3. Bb5 a6 4. Ba4 Nf6 5. Bxc6 dxc6 6. d3 Qd6 7. Nbd2 Be6
8. b3 Nd7 9. Bb2 Be7 10. O-O O-O-O 11. Re1 g5 12. Nc4 Bxc4 13. dxc4 Qe6 14.
Qe2 g4 15. Nd2 h5 16. Nf1 h4 17. Rad1 Bc5 18. Bc1 Qg6 19. Be3 b6 20. Bxc5
Nxc5 21. Ne3 g3 22. Nf5 gxf2+ 23. Qxf2 Qg5 24. Rxd8+ Qxd8 25. Ne3 Kb7 26.
Ng4 Qg5 27. h3 Rd8 28. Qxf7 Rd2 29. b4 Na4 30. Qf5 Qg8 31. Qxe5 Qxc4 32. a3
Qxc2 33. Ne3 Qd3 34. Nf5 Qxa3 35. Nxh4 Qxb4 36. Nf3 Rd3 37. Qg3 Nc5 38. e5
Ne6 39. Rf1 a5 40. Qg6 Qc5+ 41. Kh1 Qc4 42. Re1 a4 43. Re4 Qb3 44. Qg4 a3
45. Rb4 Qd1+ 46. Kh2 a2 47. Ra4 Rd4 48. Nxd4 Qxa4 49. Qxe6 a1=Q 0-1

[Event "Open A"]
[Site "Moscow RUS"]
[Date "2010.02.01"]
[Round "3"]
[White "Vescovi,G"]
[Black "Shcherbakov,R"]
[Result "1/2-1/2"]
[WhiteElo "2660"]
[BlackElo "2505"]
[EventDate "2010.01.30"]

1. d4 Nf6 2. c4 e6 3. Nf3 d5 4. Nc3 dxc4 5. Qa4+ c6 6. Qxc4 Be7 7. e4 b5 8.
Qd3 b4 9. Na4 Qa5 10. b3 Ba6 11. Qc2 Bxf1 12. Kxf1 Nbd7 13. Bg5 Nxe4 14.
Qxc6 Qd5 15. Qxd5 1/2-1/2

[Event "Open A"]
[Site "Moscow RUS"]
[Date "2010.02.01"]
[Round "3"]
[White "Nepomniachtchi,I"]
[Black "Looshnikov,N"]
[Result "1/2-1/2"]
[WhiteElo "2658"]
[BlackElo "2500"]
[EventDate "2010.01.30"]

1. e4 e5 2. Nf3 Nc6 3. Bc4 Nf6 4. d3 Be7 5. O-O O-O 6. Bb3 d6 7. c3 Na5 8.
Bc2 c5 9. Nbd2 Nc6 10. a3 Be6 11. b4 b5 12. d4 cxd4 13. cxd4 exd4 14. Bb2
Qb6 15. Bb3 Bxb3 16. Qxb3 a5 17. bxa5 Qxa5 18. Qd3 Ne5 19. Qxd4 Nxf3+ 20.
Nxf3 Rfc8 21. Qe3 Rc2 22. Rab1 Rc4 23. Nd4 Bf8 24. Nf5 Nxe4 25. Rbd1 b4 26.
Qd3 Qxf5 27. Qxc4 bxa3 28. Ba1 Nc5 29. Rfe1 Ne6 30. Rd5 Qg6 31. g3 Nc5 32.
Rd2 Qf5 33. Kg2 h6 34. Re3 Qb1 35. Qa2 Qb4 36. Rc2 Ne6 37. f3 Qa5 38. Rd2
Nc5 39. h4 Qb4 40. Rc2 Ne6 41. Rd3 Nc5 42. Re3 Ne6 43. Rd2 Qc5 44. Rc3 Qb4
45. Rdd3 d5 46. Rxd5 Rd8 47. Rxd8 Nxd8 48. Qc4 Qe7 49. Rc2 Ne6 50. f4 Nc5
51. f5 Qb7+ 52. Kh2 Qf3 53. Qf4 Qd1 54. Qc1 Qf3 55. Qf4 Qd1 56. Qc1 Qf3 57.
Qf4 1/2-1/2

[Event "Open A"]
[Site "Moscow RUS"]
[Date "2010.02.01"]
[Round "3"]
[White "Savchenko,B"]
[Black "Kovalenko,I"]
[Result "1/2-1/2"]
[WhiteElo "2638"]
[BlackElo "2486"]
[EventDate "2010.01.30"]

1. e4 c5 2. Nf3 d6 3. d4 cxd4 4. Nxd4 Nf6 5. Nc3 a6 6. Be3 e6 7. a4 Nc6 8.
Bc4 Be7 9. O-O O-O 10. Qe2 Bd7 11. Rad1 Qc7 12. Ba2 b5 13. axb5 Nxd4 14.
Rxd4 axb5 15. Bb3 Qb7 16. Bg5 b4 17. Na2 Bb5 18. Rxb4 Bxe2 19. Rxb7 Bxf1
20. Kxf1 Rfe8 21. Nc3 Kf8 22. Ke2 Reb8 23. Rc7 Bd8 24. Rc6 Ne8 25. Be3 Rc8
26. Rxc8 Rxc8 27. Nb5 Ra8 28. Kd3 Ra1 29. Bc4 h5 30. b4 Rh1 31. h3 Rh2 32.
Nd4 Rxg2 33. b5 Rh2 34. Nc6 Bc7 35. b6 Bxb6 36. Bxb6 Rxh3+ 37. Be3 Nf6 38.
e5 d5 39. exf6 dxc4+ 40. Kxc4 gxf6 41. Kd3 h4 42. Nd4 Rh1 43. Nf3 h3 44.
Bf4 Ke7 45. Bh2 f5 46. Ke3 f6 47. Kf4 Rc1 48. Ng1 Rxc2 49. Nxh3 Rc4+ 50.
Kf3 e5 51. Kg2 Rc2 52. Bg1 Ke6 53. Kf1 f4 54. f3 Kd5 55. Nf2 Rc1+ 56. Kg2
f5 57. Nh3 Rc8 58. Kf1 Rg8 59. Bb6 Rg6 60. Ba7 Rg7 61. Bb6 Rg3 62. Ng1 Rg6
63. Bf2 Kc4 64. Ba7 Rg7 65. Bf2 Rh7 66. Kg2 Kd3 67. Nh3 Rc7 68. Bb6 Rb7 69.
Bc5 Rg7+ 70. Kf1 Rg3 71. Ng1 Rg6 72. Nh3 Kd2 73. Ba7 Rh6 74. Kg2 Ke2 75.
Ng1+ Ke1 76. Bf2+ Kd1 77. Nh3 Rh8 78. Bb6 Rg8+ 79. Kf1 Rg3 80. Ng1 e4 81.
fxe4 fxe4 82. Bc7 Rg7 83. Bxf4 Rf7 84. Nh3 e3 85. Nf2+ Kd2 86. Ne4+ Kd3 87.
Nc5+ Kc3 88. Ke2 Rxf4 89. Kxe3 1/2-1/2

[Event "Open A"]
[Site "Moscow RUS"]
[Date "2010.02.01"]
[Round "3"]
[White "Vorobiov,E"]
[Black "Pavlov,S2"]
[Result "1/2-1/2"]
[WhiteElo "2621"]
[BlackElo "2470"]
[EventDate "2010.01.30"]

1. d4 Nf6 2. c4 e6 3. Nf3 d5 4. Nc3 Bb4 5. Bg5 h6 6. Bxf6 Qxf6 7. Qb3 c5 8.
cxd5 exd5 9. dxc5 Nc6 10. O-O-O Bxc3 11. Qxc3 Qxc3+ 12. bxc3 Be6 13. Nd4
Rc8 14. e3 Na5 15. Nb3 Nxb3+ 16. axb3 Rxc5 17. Kd2 Ra5 18. Ra1 Rxa1 19.
Bb5+ Bd7 20. Bxd7+ Kxd7 21. Rxa1 Ra8 22. Ra5 Kc6 23. Kd3 b6 24. Ra6 Kb5 25.
Ra4 a5 26. Rg4 g5 27. h4 f6 1/2-1/2

[Event "Open A"]
[Site "Moscow RUS"]
[Date "2010.02.01"]
[Round "3"]
[White "Maslak,K"]
[Black "Pushkov,N"]
[Result "1/2-1/2"]
[WhiteElo "2571"]
[BlackElo "2468"]
[EventDate "2010.01.30"]

1. e4 e6 2. d4 d5 3. Nd2 c5 4. Ngf3 cxd4 5. Nxd4 Nf6 6. exd5 Nxd5 7. N2f3
Be7 8. Be2 O-O 9. O-O a6 10. c4 Nf6 11. Bf4 Nh5 12. Be3 Qc7 13. g3 Rd8 14.
Qc2 g6 15. Qb3 Nd7 16. Bg5 Bxg5 17. Nxg5 Nc5 18. Qe3 e5 19. Nb3 Nxb3 20.
axb3 Nf6 21. Bf3 Bf5 22. Rad1 Kg7 23. Rfe1 h6 24. Ne4 Bxe4 25. Bxe4 a5 26.
Bg2 Rxd1 27. Rxd1 Re8 28. c5 Re6 29. Qc3 e4 30. b4 axb4 31. Qxb4 Rc6 32.
Bxe4 Nxe4 33. Qxe4 Rxc5 1/2-1/2

[Event "Open A"]
[Site "Moscow RUS"]
[Date "2010.02.01"]
[Round "3"]
[White "Dvalishvili,P"]
[Black "Chadaev,N"]
[Result "1/2-1/2"]
[WhiteElo "2457"]
[BlackElo "2569"]
[EventDate "2010.01.30"]

1. e4 d6 2. f4 g6 3. Nf3 Bg7 4. Nc3 Nf6 5. d3 c5 6. h3 Nc6 7. g4 Rb8 8. a4
a6 9. Bg2 O-O 10. O-O b5 11. axb5 axb5 12. Qe1 b4 13. Ne2 c4 14. Kh1 cxd3
15. cxd3 Qb6 16. f5 Ne5 17. Nf4 Nxf3 18. Rxf3 Bb7 19. Be3 Qb5 20. Bd4 Ra8
21. Rd1 Qa4 22. g5 Ne8 23. Ne2 Bxd4 24. Nxd4 Ng7 25. f6 Nh5 26. b3 Qa5 27.
fxe7 Rfe8 28. Qh4 Rxe7 29. Nf5 gxf5 30. g6 Qe5 31. gxf7+ Rxf7 32. Qxh5 f4
33. Qh4 Kh8 34. Rdf1 Raf8 35. Qe1 d5 36. R3f2 dxe4 1/2-1/2

[Event "Open A"]
[Site "Moscow RUS"]
[Date "2010.02.01"]
[Round "3"]
[White "Evdokimov,Alexa"]
[Black "Gochelashvili,D"]
[Result "0-1"]
[WhiteElo "2561"]
[BlackElo "2463"]
[EventDate "2010.01.30"]

1. d4 Nf6 2. c4 g6 3. Nc3 Bg7 4. e4 d6 5. Nf3 O-O 6. Be2 e5 7. O-O Na6 8.
Be3 Ng4 9. Bg5 Qe8 10. dxe5 dxe5 11. h3 h6 12. Bd2 Nf6 13. Be3 Qe7 14. Nd5
Qd8 15. Qc1 Kh7 16. Rd1 Nxe4 17. Nb6 axb6 18. Rxd8 Rxd8 19. Qe1 Be6 20. Rd1
Nd6 21. b3 Nb8 22. a4 Nc6 23. h4 Nf5 24. h5 g5 25. Rxd8 Rxd8 26. Qb1 Kg8
27. Bd3 Nxe3 28. fxe3 Ne7 29. Nh2 f5 30. Nf1 e4 31. Bc2 g4 32. Qe1 Nc6 33.
Ng3 Ne5 34. Ne2 Nd3 35. Qh4 Rd7 36. Nd4 Kf7 37. Kf1 Bf6 38. Qh2 Be5 39. Qh4
Bxd4 40. exd4 Rxd4 41. Bxd3 exd3 42. Qf2 c5 43. Qd2 f4 44. g3 Bf5 45. gxf4
Re4 46. Qc3 Re2 47. Qh8 g3 48. Qd8 Bh3+ 0-1

[Event "Open A"]
[Site "Moscow RUS"]
[Date "2010.02.02"]
[Round "4"]
[White "Kurnosov,I"]
[Black "Kunin,V"]
[Result "1-0"]
[WhiteElo "2668"]
[BlackElo "2563"]
[EventDate "2010.01.30"]

1. e4 e5 2. Nf3 Nf6 3. Nxe5 d6 4. Nf3 Nxe4 5. d4 d5 6. Bd3 Nc6 7. O-O Be7
8. c4 Nb4 9. Be2 O-O 10. Nc3 Bf5 11. a3 Nxc3 12. bxc3 Nc6 13. Re1 Re8 14.
Bf4 dxc4 15. Bxc4 Bd6 16. Rxe8+ Qxe8 17. Ng5 Bg6 18. Bxd6 cxd6 19. h4 Qe7
20. h5 Qxg5 21. hxg6 hxg6 22. Bxf7+ Kh7 23. g3 Qf5 24. Bc4 Rf8 25. Qf1 Ne7
26. Re1 Ng8 27. Bd3 Qc8 28. Qe2 Nh6 29. Qe6 Nf5 30. Kg2 Qxe6 31. Rxe6 d5
32. Re5 Rd8 33. g4 Nh6 34. Re6 Kg8 35. Kg3 Kf7 36. Re3 g5 37. f4 gxf4+ 38.
Kxf4 Ng8 39. Bf5 Rd6 40. Ke5 Ra6 41. Kxd5 Ne7+ 42. Kc4 Nxf5 43. gxf5 Rxa3
44. d5 Ra1 45. Kc5 Kf6 46. c4 Kxf5 47. Rd3 Re1 48. d6 Re5+ 49. Rd5 Rxd5+
50. Kxd5 Kf6 51. c5 1-0

[Event "Open A"]
[Site "Moscow RUS"]
[Date "2010.02.02"]
[Round "4"]
[White "Iljushin,A"]
[Black "Zhigalko,S"]
[Result "0-1"]
[WhiteElo "2551"]
[BlackElo "2668"]
[EventDate "2010.01.30"]

1. d4 d5 2. c4 e6 3. Nf3 c6 4. Qc2 dxc4 5. Qxc4 Nf6 6. Bg5 b5 7. Qc2 Bb7 8.
e3 Nbd7 9. Nbd2 a6 10. a4 Rc8 11. Be2 Be7 12. O-O O-O 13. Qb3 Nb6 14. Bxf6
gxf6 15. Ne4 Qd5 16. Qa3 Bxa3 17. Nxf6+ Kg7 18. Nxd5 cxd5 19. axb5 Bd6 20.
bxa6 Bc6 21. Rfc1 Kf6 22. Nd2 Ke7 23. Nb3 Nc4 24. Bxc4 dxc4 25. Rxc4 Bd5
26. Rxc8 Rxc8 27. a7 Ba8 28. Nc5 Bxc5 29. Rc1 Rc7 30. Rxc5 Rxa7 31. f3 f5
32. Kf2 Kf6 33. Rc2 Rb7 34. Kg3 Rb4 35. h4 Bd5 36. Rd2 Rc4 37. Re2 Rc1 38.
Kf4 Rc4 39. Kg3 h6 40. Rd2 Rc1 41. Kf4 Rh1 42. Kg3 Kg6 43. Re2 Kh5 44. e4
fxe4 45. fxe4 Bb7 46. Kf4 Rxh4+ 47. Ke5 Kg6 48. Kxe6 Bxe4 49. d5 Bf5+ 50.
Ke5 h5 51. Rd2 Rb4 52. Kd6 Kf6 53. Kc5 Rb3 54. d6 Bd7 55. Rf2+ Kg6 56. Re2
Rb5+ 57. Kc4 Rg5 58. Re7 Bb5+ 59. Kb4 Kf6 60. Rc7 Bf1 61. Rh7 Rd5 62. d7
Be2 63. Kc3 Ke6 64. b4 Rxd7 65. Rh6+ Kf5 66. b5 Kg5 67. Re6 Bf1 68. Re1 Rf7
69. b6 Ba6 70. Re5+ Kg4 71. g3 Rh7 0-1

[Event "Open A"]
[Site "Moscow RUS"]
[Date "2010.02.02"]
[Round "4"]
[White "Shimanov,A"]
[Black "Sasikiran,K"]
[Result "1/2-1/2"]
[WhiteElo "2535"]
[BlackElo "2653"]
[EventDate "2010.01.30"]

1. Nf3 Nf6 2. c4 g6 3. Nc3 Bg7 4. e4 d6 5. d4 O-O 6. Be2 e5 7. Be3 exd4 8.
Nxd4 Re8 9. f3 c6 10. Bf2 d5 11. exd5 cxd5 12. c5 Na6 13. Nb3 Nh5 14. O-O
Nc7 15. Qd2 Bd7 16. Rfd1 Bc6 17. Nd4 a5 18. Bf1 Bf6 19. g3 Ng7 20. Rac1
Nce6 21. Nce2 Qd7 22. Bg2 Be7 23. Nxe6 Nxe6 24. f4 Bf6 25. Nd4 Re7 26. Nxe6
fxe6 27. Bd4 e5 1/2-1/2

[Event "Open A"]
[Site "Moscow RUS"]
[Date "2010.02.02"]
[Round "4"]
[White "Gochelashvili,D"]
[Black "Inarkiev,E"]
[Result "0-1"]
[WhiteElo "2463"]
[BlackElo "2649"]
[EventDate "2010.01.30"]

1. d4 Nf6 2. Bg5 e6 3. Nf3 h6 4. Bf4 g5 5. Bc1 b6 6. g3 Bb7 7. Bg2 d6 8. c4
Nbd7 9. O-O Bg7 10. Nc3 Ne4 11. Qd3 f5 12. Nd2 d5 13. g4 c6 14. gxf5 exf5
15. cxd5 cxd5 16. Qb5 a6 17. Qb3 Ndf6 18. Ndxe4 fxe4 19. Bd2 Qd6 20. Rac1
Ng4 21. f4 exf3 22. Rxf3 Bxd4+ 23. e3 Qxh2+ 24. Kf1 Rf8 25. Ne4 Rxf3+ 26.
Bxf3 Qh3+ 27. Ke2 Ne5 28. exd4 Qxf3+ 29. Qxf3 Nxf3 30. Nd6+ Kd7 31. Nxb7
Nxd4+ 32. Kd3 Ne6 33. Bb4 Rb8 34. Nd6 a5 35. Ba3 b5 36. b4 Kxd6 37. bxa5+
b4 38. Rb1 Nc5+ 39. Kd4 Na6 40. Rh1 Nc7 41. Rxh6+ Ne6+ 42. Rxe6+ Kxe6 43.
Bc1 Rb5 44. Bxg5 Rxa5 45. Bd2 Ra4 0-1

[Event "Open A"]
[Site "Moscow RUS"]
[Date "2010.02.02"]
[Round "4"]
[White "Le Quang Liem"]
[Black "Yandemirov,V"]
[Result "1-0"]
[WhiteElo "2647"]
[BlackElo "2461"]
[EventDate "2010.01.30"]

1. d4 Nf6 2. c4 g6 3. Nc3 d5 4. Bf4 Bg7 5. e3 c6 6. Nf3 O-O 7. h3 Ne4 8.
Qb3 Nxc3 9. bxc3 dxc4 10. Bxc4 b5 11. Bd3 Be6 12. Qc2 Nd7 13. a4 a6 14. Ng5
Bc4 15. Bxc4 bxc4 16. Nf3 c5 17. O-O cxd4 18. cxd4 Rc8 19. Rfc1 Qa5 20. e4
c3 21. Ra3 e5 22. Be3 exd4 23. Bxd4 Bxd4 24. Nxd4 Rc4 25. Ne2 Rfc8 26. Rxc3
Rxc3 27. Nxc3 Nb6 28. Qd1 Nxa4 29. Nd5 Rxc1 30. Qxc1 Nc5 31. Qb2 Nd3 32.
Qd4 Qe1+ 33. Kh2 Nxf2 34. Nf6+ Kf8 35. Nxh7+ Kg8 36. Nf6+ Kf8 37. e5 Nd1
38. Qd8+ Kg7 39. Qg8+ Kh6 40. Ng4+ Kg5 41. Qxf7 Nc3 42. Qf6+ Kh5 43. e6 Ne2
44. Qh8+ Kg5 45. Qe5+ Kh4 46. g3+ 1-0

[Event "Open A"]
[Site "Moscow RUS"]
[Date "2010.02.02"]
[Round "4"]
[White "Gerzhoy,L"]
[Black "Bareev,E"]
[Result "0-1"]
[WhiteElo "2459"]
[BlackElo "2643"]
[EventDate "2010.01.30"]

1. e4 c6 2. d4 d5 3. Nd2 dxe4 4. Nxe4 Bf5 5. Ng3 Bg6 6. h4 h6 7. Nf3 Nd7 8.
h5 Bh7 9. Bd3 Bxd3 10. Qxd3 e6 11. Bf4 Qa5+ 12. Bd2 Bb4 13. c3 Be7 14. c4
Qc7 15. O-O-O Ngf6 16. Kb1 O-O 17. Ne4 b5 18. Nxf6+ Nxf6 19. Rc1 a6 20. Ne5
c5 21. Bf4 Qb6 22. dxc5 Bxc5 23. Qf3 bxc4 24. Nxc4 Qd8 25. Ne5 Rc8 26. Rh3
Nd5 27. Bd2 Bd6 28. Nc4 Bb8 29. g4 Rc5 30. Qa3 Qc8 31. b3 Bf4 32. Rd3 Qc7
33. f3 Rc8 34. Qb2 Bg3 35. Qd4 Nf4 36. Bxf4 Bxf4 37. Rcd1 Bg5 38. Qd6 Rxc4
39. bxc4 Qxc4 40. Qh2 e5 41. Rb3 e4 42. Rb8 exf3 43. Rxc8+ Qxc8 44. Re1
Qxg4 45. Re8+ Kh7 46. Qc2+ f5 47. Qc8 Qb4+ 48. Kc2 Qd2+ 49. Kb3 Qd3+ 50.
Ka4 Qb5+ 51. Ka3 Bc1+ 52. Qxc1 Qxe8 0-1

[Event "Open A"]
[Site "Moscow RUS"]
[Date "2010.02.02"]
[Round "4"]
[White "Iordachescu,V"]
[Black "Mozharov,M"]
[Result "0-1"]
[WhiteElo "2629"]
[BlackElo "2451"]
[EventDate "2010.01.30"]

1. e4 c5 2. Nf3 d6 3. d4 cxd4 4. Nxd4 Nf6 5. Nc3 a6 6. a4 e5 7. Nf3 h6 8.
Bc4 Be7 9. O-O Qc7 10. Ba2 Be6 11. Nh4 Nc6 12. Bxe6 fxe6 13. Ng6 Rg8 14. f4
O-O-O 15. Kh1 d5 16. fxe5 dxe4 17. Qe2 Nxe5 18. Nxe7+ Qxe7 19. Nxe4 Nxe4
20. Qxe4 Nc6 21. Be3 Rgf8 22. c3 Rxf1+ 23. Rxf1 Rd5 24. Bb6 Qd6 25. h3 Rd1
26. Rxd1 Qxd1+ 27. Bg1 Qd7 28. b4 Ne7 29. Qh7 Nf5 30. Qg8+ Kc7 31. Bh2+ Kc6
32. Be5 Kd5 33. Qb8 Qxa4 34. Bf4 Qa1+ 35. Kh2 Qxc3 36. Qxb7+ Qc6 37. Qb8 g5
38. Qe5+ Kc4 39. Qe2+ Kxb4 40. Qb2+ Kc4 41. Be5 Qb5 42. Qa2+ Kd3 43. Qxe6
Ne3 44. Bc7 Qb7 45. Qg6+ Ke2 46. Qh5+ g4 0-1

[Event "Open A"]
[Site "Moscow RUS"]
[Date "2010.02.02"]
[Round "4"]
[White "Reshetnikov,Al"]
[Black "Belov,Vl"]
[Result "1/2-1/2"]
[WhiteElo "2447"]
[BlackElo "2595"]
[EventDate "2010.01.30"]

1. e4 g6 2. d4 Bg7 3. Nc3 d6 4. Be3 a6 5. a4 Nf6 6. h3 O-O 7. Nf3 Nc6 8.
Bc4 e6 9. Be2 b6 10. O-O Bb7 11. Bg5 h6 12. Bh4 Ne7 13. e5 dxe5 14. dxe5
Nd7 15. Re1 g5 16. Bg3 Nc5 17. b4 Ne4 18. Nxe4 Bxe4 19. c3 a5 20. Nd2 Bb7
21. b5 Nf5 22. Bh2 Nh4 23. Bf1 Ng6 1/2-1/2

[Event "Open A"]
[Site "Moscow RUS"]
[Date "2010.02.02"]
[Round "4"]
[White "Sergienko,S"]
[Black "Vescovi,G"]
[Result "1/2-1/2"]
[WhiteElo "2400"]
[BlackElo "2660"]
[EventDate "2010.01.30"]

1. e4 c5 2. Nf3 e6 3. d3 Nc6 4. g3 Nge7 5. Bg2 g6 6. O-O Bg7 7. c3 O-O 8.
Qe2 e5 9. a3 d6 10. b4 a6 11. Nbd2 h6 12. Rb1 Qc7 13. Bb2 Be6 14. Rfc1 Rad8
15. d4 exd4 16. cxd4 cxd4 17. b5 axb5 18. Qxb5 Qb8 19. Nb3 Qa7 20. Rd1 d5
21. e5 Bd7 22. Nfxd4 Nxe5 23. Qc5 Qxc5 24. Nxc5 Bg4 25. f3 Bc8 26. Ba1 Nc4
27. Nxb7 Rd7 28. Nc5 Rc7 29. Ndb3 Nxa3 30. Bxg7 Kxg7 31. Rbc1 Ra7 32. Bf1
Bf5 33. Nd4 Rc8 34. Nxf5+ gxf5 35. Nd3 Rxc1 36. Rxc1 Nc4 37. Nf4 Ne5 38.
Be2 Ra2 39. Rd1 N5g6 40. Nh5+ Kf8 41. Kf2 f4 42. Rd4 fxg3+ 43. hxg3 f5 44.
g4 Ra5 45. Rb4 fxg4 46. fxg4 Ra2 47. Rb6 Ne5 48. Kf1 N7c6 49. Nf4 d4 50.
Rb7 Ra3 51. g5 hxg5 52. Ne6+ Kg8 53. Nxg5 d3 54. Bh5 Ra1+ 55. Kf2 d2 56.
Ne4 d1=N+ 57. Kg3 Ra3+ 58. Kf4 Nd3+ 59. Kg5 Ra5+ 60. Kh6 Rxh5+ 61. Kxh5 Ne3
62. Nf6+ Kf8 63. Nh7+ Ke8 64. Nf6+ Kf8 1/2-1/2